MARC

LEADER 00000nam0a2200000 4500
001 342723
005 20231102005501.0
035 |a (RuTPU)RU\TPU\book\371903 
090 |a 342723 
100 |a 20190321d1980 km y0rusy50 ca 
101 0 |a rus 
102 |a RU 
105 |a a z 001zy 
200 1 |a Варшавский договор- Союз во имя мира и социализма  |f под ред. В. Г. Куликова 
210 |a Москва  |c Военное изд-во  |d 1980 
215 |a 296 с.  |c ил. 
320 |a Библиография в ссылках 
320 |a Хронология: с. 272-293 
606 1 |a Варшавский Договор 1955 г.  |2 stltpush  |3 (RuTPU)RU\TPU\subj\2072  |9 30696 
610 1 |a международные организации 
610 1 |a международные объединения 
610 1 |a международные отношения 
610 1 |a военные блоки 
610 1 |a социалистические страны 
610 1 |a история 
610 1 |a 20 век 
610 1 |a военное сотрудничество 
610 1 |a армия 
610 1 |a оборона 
686 |a Ф4(0)63  |v LBC/SL-A  |2 rubbk 
702 1 |a Куликов  |b В. Г.  |4 340 
801 1 |a RU  |b 63413507  |c 20190321 
801 2 |a RU  |b 63413507  |c 20210416  |g RCR 
942 |c BK